000 00559nam a2200217Ia 4500
003 OSt
005 20230606134817.0
008 210423s2015 xx 000 0 und d
020 _a978-93-5202-934-1
040 _cAL
041 _aeng
082 _a796.019 CHOS
100 _aCHOUDHURY (Raja Roy)
_9120268
245 _aSports psychology
260 _aMumbai
_bHimalaya Publishing House
_c2015
300 _aix,200
_bHB
365 _b950
_cINR
650 _aRecreational & Performing Arts
_9120269
906 _apsychology ; Sports
942 _2ddc
_cBK
999 _c176719
_d176719